| 000 | 00870nam a2200205 i 4500 | ||
|---|---|---|---|
| 001 | 161881 | ||
| 003 | ES-MaACL | ||
| 005 | 20250826051300.0 | ||
| 008 | 990325s1887 sp |||| | spa d | ||
| 100 | 1 |
_aPérez Gayoso, José. _9131464 |
|
| 245 | 1 | 3 |
_aLa contabilidad del Estado _b: defectos de que adolece y modo de subsanarlos / _cpor José Pérez Gayoso ; [prólogo de Fermín Martín Suárez]. |
| 250 | _a2ª ed. | ||
| 260 |
_aMadrid : _b[s.n.], _c1887 ( _fImp. de Alfonso Rodero) |
||
| 300 |
_aXII, 83 p., [1] h. de lám. retr. autor ; _c17 cm. |
||
| 650 | 7 |
_aHacienda pública- _zEspaña _2 _913281 |
|
| 650 | 0 | 0 |
_aHacienda pública- _zEspaña- _yS.XIX _9227084 |
| 700 | 1 |
_aSuárez Sacristán, Fermín Martín. _9132974 |
|
| 852 |
_aES-MaACL _jT-480-F-11 _z- Enc. hol., falto de cub. original _z- Enc. en un vol. facticio |
||
| 999 |
_c161881 _d161881 |
||